000 00599nam a2200157 i 4500
001 98438
003 ES-MaACL
005 20230906182302.0
007 t|
008 050831s1879 sp ||||1| spa d
245 0 0 _aContestación dada por los fabricantes de Sabadell, Tarrasa, Olesa, Alcoy y Béjar al interrogatorio formulado por la comisión de información acerca de los valores y clasificación de tejidos de lana.
260 _aSabadell :
_b[s.n.],
_c1879 (
_fImpr. de M. Torner)
300 _a18 p. ;
_c23 cm.
650 _aLana-
_xAranceles y tarifas.
_9136338
852 _aES-MaACL
_jT-318-F-12
999 _c98438
_d98438